Top Five Countries By Category - Statistics

General Stats
  • This quiz has been taken 211 times
  • The average score is 29 of 39
Answer Stats
Country % Correct
China
100%
India
100%
Russia
99%
United States
99%
Canada
96%
Brazil
95%
France
94%
Japan
94%
Vatican City
94%
Indonesia
92%
Italy
91%
Monaco
89%
Spain
88%
Australia
87%
Germany
82%
Liechtenstein
82%
Mexico
81%
Chile
79%
Mongolia
79%
San Marino
78%
Singapore
77%
Luxembourg
76%
Nigeria
73%
Tuvalu
73%
Nauru
70%
North Korea
70%
Palau
69%
Denmark
68%
Switzerland
68%
Colombia
66%
Iceland
64%
Iceland
64%
Philippines
63%
Qatar
62%
Bahrain
49%
Vanuatu
44%
Namibia
38%
Maldives
37%
Suriname
19%
No matching quizzes found
Score Distribution
Percent of People with Each Score
Percentile by Number Answered
Your Score History
You have not taken this quiz